000 00231nam a22000857a 4500
008 170617b xxu||||| |||| 00| 0 eng d
100 _93498
_aRajan. M. S
245 _aWireless the latest telecom story
260 _aNew Delhi
_bN. B. T
_c2007
999 _c6881
_d6881